| 000 | 00491nam a2200181Ia 4500 | ||
|---|---|---|---|
| 001 | 7809 | ||
| 003 | IN-NITTTR | ||
| 005 | 20251114233032.0 | ||
| 008 | 251113s9999||||xx |||||||||||||| ||eng|| | ||
| 040 | _beng | ||
| 040 | _cIN-NITTTR | ||
| 041 | _aeng | ||
| 082 | _a241.1H982 V | ||
| 100 | _aHuxley, Julian | ||
| 245 | 0 |
_aVedanta and modern science [sequel to "the message of Upanisads"] / _cHuxley, Julian, Ranganathananda, Swami |
|
| 700 | _a Ranganathananda, Swami | ||
| 942 |
_2ddc _cBK |
||
| 999 |
_c10447 _d10447 |
||